Advanced modern engineering mathematics / (Record no. 575)

MARC details
000 -LEADER
fixed length control field 00604nam a22002057a 4500
005 - DATE AND TIME OF LATEST TRANSACTION
control field 20250420134816.0
008 - FIXED-LENGTH DATA ELEMENTS--GENERAL INFORMATION
fixed length control field 200809b ||||| |||| 00| 0 eng d
020 ## - INTERNATIONAL STANDARD BOOK NUMBER
International Standard Book Number 9780201596212
040 ## - CATALOGING SOURCE
Transcribing agency KCST
082 ## - DEWEY DECIMAL CLASSIFICATION NUMBER
Classification number 620.00151
Item number Gl Ad
100 ## - MAIN ENTRY--PERSONAL NAME
Personal name James Glyn; David Michael Burley; et al
9 (RLIN) 4965
245 ## - TITLE STATEMENT
Title Advanced modern engineering mathematics /
Statement of responsibility, etc. Glyn James ; David Burley ... [et al.].
250 ## - EDITION STATEMENT
Edition statement 2nd ed.
260 ## - PUBLICATION, DISTRIBUTION, ETC.
Place of publication, distribution, etc. Harlow :
Name of publisher, distributor, etc. Addison-Wesley
Date of publication, distribution, etc. 1993.
300 ## - PHYSICAL DESCRIPTION
Extent p.
650 ## - SUBJECT ADDED ENTRY--TOPICAL TERM
Topical term or geographic name entry element Mathematics for engineers.
9 (RLIN) 1344
700 ## - ADDED ENTRY--PERSONAL NAME
Personal name Burley, David Michael
9 (RLIN) 4966
942 ## - ADDED ENTRY ELEMENTS (KOHA)
Koha item type Book
942 ## - ADDED ENTRY ELEMENTS (KOHA)
Source of classification or shelving scheme Dewey Decimal Classification
Holdings
Withdrawn status Lost status Source of classification or shelving scheme Damaged status Not for loan Home library Current library Date acquired Source of acquisition Cost, normal purchase price Total checkouts Full call number Barcode Date last seen Price effective from Koha item type
    Dewey Decimal Classification     KCST Library KCST Library 09/08/2020 Unknown 0.00   620.00151 Gl Ad 1000000456 09/08/2020 09/08/2020 Book
© 2025 KCST. All rights reserved